[Event "Novgorod 3rd"]
[Site "Novgorod"]
[Date "1996.07.29"]
[Round "8"]
[White "Ivanchuk, Vassily"]
[Black "Topalov, Veselin"]
[Result "1-0"]
[WhiteElo "2730"]
[BlackElo "2750"]
[Annotator "Har Zvi,R"]
[PlyCount "67"]
[EventDate "1996.07.20"]
[EventType "tourn"]
[EventRounds "10"]
[EventCountry "RUS"]
[EventCategory "19"]
[SourceTitle "CBM 054"]
[Source "ChessBase"]
[SourceDate "1996.10.01"]
[SourceVersion "1"]
[SourceVersionDate "1996.10.01"]
[SourceQuality "1"]

1. e4 {Donev Huzman Huzman} c5 2. Nf3 d6 3. d4 cxd4 4. Nxd4 Nf6 5. Nc3 a6 6.
Be2 e6 7. O-O Be7 8. f4 O-O 9. Kh1 Qc7 {Donev: Auf dem Brett eintsteht eine
aktuelle, typisch sizilianische Stellung, in der der meistbenutzte Plan des
Anziehenden der Angiff am Königsflügel ist. Weiß steht grundsätzlich vor der
Frage: Wie soll ich b7-b5 vermeiden? Es gibt zwei Möglichkeiten - a)
mechanisch mitels a2-a4 b) taktisch Bf3 und e4-e5 vorbereiten.} 10. a4 Nc6 11.
Be3 Re8 12. Bf3 {this line has become recently very dangerous for black,and
white seems to have very good results with it,right now I think it is just
good for white} Rb8 (12... Bd7 13. Nb3 Na5 (13... b6 14. g4 Bc8 15. g5 Nd7 16.
Bg2 Bb7 17. Qh5 g6 $6 (17... Nb4 $14) 18. Qh3 Nb4 $2 (18... Bf8) 19. f5 Nxc2 $4
(19... exf5) 20. fxg6 fxg6 21. Rf7 $3 $18 {Tiviakov,S-Van Wely,L Groningen
1995 65/(233) [Tiviakov,S]}) 14. Nxa5 Qxa5 15. Qd3 Rad8 (15... Bc6 $2 16. b4 $1
Qc7 (16... Qxb4 $4 17. Rfb1 Qa5 18. Bb6) 17. b5 $16) 16. Rfd1 $1 (16. Qd2 Rc8
17. e5 $6 (17. Qf2 Bc6 $13) 17... dxe5 18. fxe5 Qxe5 19. Bxb7 Rcd8 $15 {
Van der Wiel,J-Kasparov,G Amsterdam 1988}) (16. g4 Bc6 (16... h6) 17. b4 Qc7
18. g5 d5 (18... Nd7 19. Nd5 $1) 19. gxf6 dxe4 20. Qc4 exf3 21. b5 Bxf6 22.
bxc6 Rc8 $1 $14 {Van der Wiel,J-Polugaevsky,L Haninge 1988}) 16... Bc6 17. b4
Qc7 18. b5 Bd7 (18... axb5 $2 19. axb5 Bd7 20. Na4 $16) 19. Rab1 $1 (19. Ne2
Rc8 20. bxa6 bxa6 21. Qxa6 Ra8 22. Qd3 Rxa4 $10 {Cuijpers-DeBoer 1988}) 19...
axb5 (19... Rc8 20. e5 dxe5 21. fxe5 Qxe5 22. Bd4 Qc7 23. Bxf6 Bxf6 24. Qxd7
$16) 20. Nxb5 $1 $14 {Anand,V-Kasparov,G PCA-Wch New-York (09) 1995 64/240 
[Anand,V]} (20. axb5 Rc8)) 13. g4 {this move seems to be black's problem in
this line,white wants to play g5 and then try to put is queen and rook on the
"h" file simply mating black,the main "old" move is 13.Qd2 which was played by
Karpov} Bf8 (13... Nxd4 14. Bxd4 b6 15. g5 Nd7 16. Bg2 Bb7 17. Qh5 g6 (17...
Qc4 18. Rad1 g6 19. Qh3 Bf8 20. f5 $16 {Kovalev,A-Skomorokhin,R Leningead 1989}
) 18. Qh3 Bf8 19. f5 Ne5 (19... Qc4 20. fxg6 (20. Rad1 $16 {17...Qc4}) 20...
fxg6 21. Rf7 h5 22. Rxd7 Qxd4 23. Rf1 $16) 20. Rf4 $5 $16 {Tiviakov,S-Akopian,
V Linares 1995 63/205 [Tiviakov]}) (13... Nd7 14. g5 Nxd4 15. Qxd4 $6 (15. Bxd4
) 15... b6 16. Bg2 Bb7 17. f5 Ne5 18. Rad1 Bc6 19. f6 Bf8 20. fxg7 Bxg7 21.
Qxd6 Qxd6 22. Rxd6 Rbc8 {with full compensation for black Gurevich,D-Wolff,P
USA-ch Modesto 1995}) 14. g5 Nd7 15. Bg2 Nxd4 (15... g6 16. Rf3 $5 Bg7 17. Rh3
Nb6 (17... Nb4) (17... Nf8 18. Rh4 $1 Nb4 19. Qd2 b6 20. Rf1 $36) 18. Nde2 Nc4
19. Bc1 d5 20. b3 d4 $2 21. bxc4 dxc3 22. e5 $16 {Fishbein,A-Dorfman,J
New-York 1989}) (15... Na5 16. Bg1 (16. Rf3 Nc4 17. Bc1 e5 18. Nf5 exf4 19.
Bxf4 Nce5 20. Rh3 g6 21. Nd5 Qd8 22. Qe1 (22. Nh6+ Bxh6 23. Rxh6 b5 $13 {
Fishbein,A-Browne,W USA 1989}) 22... gxf5 $2 (22... h5 $1) 23. Qh4 h6 24. exf5
b5 25. Rg1 Bb7 26. Nf6+ Kh8 27. Bxb7 Rxb7 28. Qxh6+ $3 $18 {Gluzman,M-Arbakov,
V Sibenik 1990}) 16... b6 17. Qh5 g6 18. Qh3 Bg7 19. Rad1 Nc6 20. Ndb5 $1 axb5
21. Nxb5 Qd8 22. Nxd6 Rf8 23. e5 $16 {Sokolov,A-Jansa,V Dubai Ol 1986}) 16.
Bxd4 b5 $6 {Giving white a rook in the seventh rank is not a very good idea 
Zu optimistisch. Weiß bekommt die a-Linie und der b-Bauer wird schwach.
Wahrscheinlich wäre der passive Zug 16...b6 nebst Bb7 die bessere Entscheidung.
} (16... b6 $5 {Huzman} 17. Rf3 Bb7 18. Rh3 g6 {/\19...e5}) (16... b6 $5 {
Huzman Lutz-Tratar (Wien 1996)}) 17. axb5 axb5 18. Ra7 Qd8 19. b4 $1 {
preventing b4 from black,and taking also the c5 square under control,black has
not play a big mistake but already his position is unpleasent ><Nd7} e5 (19...
d5 {Huzman} 20. exd5 Bxb4 21. dxe6 Rxe6 22. Nd5 (22. Be5 Rxe5 23. fxe5 Bxc3 24.
Qf3 Bxe5 25. Qxf7+ Kh8 26. Re1 Qg8 $10) 22... Bd6 23. f5 Re8 24. Qh5 Be5 25. g6
$40) 20. Be3 exf4 21. Bxf4 Ne5 {Schwarz hat das Problem des Springers d7
gelöst, aber im Gegenzug erhält der weiße Springer auf d5 einen starken
Vorposten, wodurch auch die Wirkung des Ra7 verstärkt wird.} 22. Nd5 Bg4 (22...
Nc6 {Huzman} 23. Rc7 Ne7 24. Nxe7+ Bxe7 25. Rxe7 Rxe7 26. Qxd6 $18) 23. Qd2 Nc6
24. g6 $3 {[%cal Yf1f7,Ya7f7,Yg6f7] making room on the g5 square for the
bishop! black is losing now  Dieser wichtige Zug erlaubt es Iwantschuk, alle
Figuren in den Angriff einzuschalten.Die Idee ist die Räumung des Feldes g5
für den Läufer. Man beachte, daß die schwarze Dame kaum Felder hat; wird sie
mit Bg5 angegriffen, gerät sie in eine schlimme Fesselung.} Nxa7 (24... hxg6
25. Bg5 (25. Bg5 {Huzman} Qc8 (25... Be7 26. Nxe7+ Nxe7 27. e5 d5 28. Qf4 Be6
29. Qh4 $18) 26. Rc7 Qa6 27. Qc3 Rbc8 28. Ra1 $18) (25. Rxf7 $16) (25. Rxf7 $16
) (25. Rxf7 $16 {Der Turm ist wegen Bg5+ mit Damengewinn unbekömmlich.})) (
24... fxg6 25. Bg5 (25. Bg5 Be7 (25... Qc8 {Donev} 26. Rc7 Qa6 27. Qc3 $18 {
/\Ra1,Qc6}) 26. Nxe7+ Nxe7 27. e5 d5 28. Bxe7 Rxe7 29. Qxd5+ $18)) (24... f6 {
Huzman} 25. Nxf6+ (25. Rc7 Rc8 26. Rxc6 Rxc6 27. Nxf6+ Qxf6 (27... gxf6 28.
Qd5+ Be6 29. gxh7+ Kxh7 30. Qxc6 $16) 28. Qd5+ Be6 29. gxh7+ Kxh7 30. Qxc6 Rc8
31. Qxb5 $16) (25. gxh7+ Kxh7 26. Ra3 {/\ Ra3-g3+/-}) 25... Qxf6 26. Qd5+ Kh8
27. Qxc6 Qxg6 $10) 25. gxf7+ Kh8 (25... Kxf7 26. Bg5+) 26. Bg5 Qd7 27. fxe8=N
Rxe8 (27... Qxe8 {Erlaubt die kleine Kombination.} 28. Nf6 $1 gxf6 29. Bxf6+
Bg7 30. Bxg7+ Kxg7 31. Qd4+ $16 {[%cal Yd4g7,Yd4a7]}) 28. Qf2 $1 {[%cal Yf1f8]}
Kg8 {Das materielle Gleichgewicht blieb erhalten, aber die weißen Figuren sind
nun sehr aktiv geworden. Der Ukrainische Großmeister startet einen hübschen
Schlußangriff gegen den schwarzen König.} 29. e5 $1 h6 (29... dxe5 30. Nb6 (30.
Nc7 $1 {Huzman} Qxc7 31. Bd5+ Kh8 32. Qxf8+ (32. Qxf8+ {Donev} Rxf8 33. Rxf8#))
30... Qc7 31. Bd5+) (29... Be6 {Huzman} 30. Nf4 Bc4 31. e6 Qc7 32. Nd5 $18) (
29... Nc8 {Huzman} 30. Nc7 $1 Qxc7 31. Bd5+ $18) 30. Nb6 Qc7 31. Bd5+ Kh7 (
31... Kh8 32. Qxf8+ $1 Rxf8 33. Rxf8+ Kh7 34. Be4+ g6 35. Bf6 $1 {with mate} (
35. Nd5 Qc4 (35... Qc4 {Huzman} 36. Nf6+ Kg7 37. Rg8+ Qxg8 (37... Kf7 38. Bxg6+
$18) 38. Bxh6+ Kxh6 39. Nxg8+ Kg5 (39... Kg7 40. Nf6 $18) 40. exd6 Nc8 41. Ne7
Nxd6 42. Bd3 $16))) 32. Be4+ Kg8 (32... g6 {Donev} 33. Nd5 {nebst Nf6}) 33. Nd5
Qd7 34. Ne7+ {a very impressive victory by Ivanchuk} (34. Ne7+ Bxe7 35. Qf7+
Kh8 36. Qg6) 1-0

[Event "Novgorod 3rd"]
[Site "Novgorod"]
[Date "1996.07.31"]
[Round "10"]
[White "Gelfand, Boris"]
[Black "Ivanchuk, Vassily"]
[Result "1/2-1/2"]
[WhiteElo "2700"]
[BlackElo "2735"]
[Annotator "Gelfand,B"]
[PlyCount "63"]
[EventDate "1996.07.20"]
[EventType "tourn"]
[EventRounds "10"]
[EventCountry "RUS"]
[EventCategory "19"]
[SourceTitle "CBM 054"]
[Source "ChessBase"]
[SourceDate "1996.10.01"]
[SourceVersion "1"]
[SourceVersionDate "1996.10.01"]
[SourceQuality "1"]

1. d4 Nf6 2. Nf3 g6 3. c4 Bg7 4. Nc3 d5 5. cxd5 Nxd5 6. e4 Nxc3 7. bxc3 c5 8.
Rb1 O-O 9. Be2 cxd4 10. cxd4 Qa5+ 11. Bd2 Qxa2 12. O-O b6 13. Bg5 Bb7 (13...
Re8 $6 14. Bb5 Bd7 15. Qd3 $16 {Gelfand-Ivanchuk,Dos Hermanas,1996,66/}) 14.
Rc1 $5 $146 {This is a new and interesting idea. However after long thought ,
my opponent finds right response} (14. Bd3 Qe6 {Miladinovic-Atalik,Vrnjacka
Banja,1992,54/471}) 14... Bxe4 15. Bxe7 Re8 16. Bc4 Qa5 (16... Qb2 17. Bd6 $44
{with idea Ne5} (17. Ng5 Rxe7 18. Nxe4 Nd7) 17... b5 18. Bb3) 17. Bc5 $5 bxc5
18. Ng5 Re7 $5 (18... Nc6 19. Bxf7+ Kh8 20. Bxe8 Rxe8 21. Nxe4 Rxe4 22. Rxc5
Qb6 23. Qc2 $18) (18... Nd7 19. Bxf7+ Kh8 20. Bxe8 Rxe8 21. Nxe4 Rxe4 22. dxc5
$16) 19. Nxe4 Nd7 (19... cxd4 $4 20. Bd5 $18) (19... Nc6 20. Bd5 Rc8 21. Rxc5
Qb6 22. Nd6 Rcc7 23. Bxc6 Rxc6 24. Nc8 $18) 20. dxc5 Rd8 $1 21. Bd5 (21. c6 Ne5
22. Qb3 Nxc6 23. Bxf7+ Rxf7 24. Rxc6 Qd5 $10) (21. Qc2 $5) 21... Nf6 22. Nxf6+
(22. Nd6 Nxd5 23. Qxd5 Be5) 22... Bxf6 23. Qf3 (23. Qb3 Rc7) 23... Bg5 $1 $10 {
This move destroyes coordination of White s pieces} (23... Kg7 24. Bb3 $14) 24.
Rc2 (24. Rc4 Red7 25. Be4 f5 $10) 24... Rc7 25. Bb3 (25. g3 Rdd7 $5) 25... Qb5
(25... Rxc5 26. Qxf7+ Kh8 27. Ra2 Qc7 28. Rxa7 Qxf7 29. Bxf7 Rc1 $10) 26. Bc4
Qa4 27. Bb3 Qb5 28. Bc4 Qa4 29. Qe4 Kf8 $1 30. Bd5 (30. Ra2 Qb4 31. c6 Qc5)
30... Qxe4 31. Bxe4 a5 32. Rc4 1/2-1/2

[Event "Olympiad-32"]
[Site "Yerevan"]
[Date "1996.09.18"]
[Round "3.1"]
[White "Ftacnik, Lubomir"]
[Black "Ivanchuk, Vassily"]
[Result "1/2-1/2"]
[WhiteElo "2610"]
[BlackElo "2730"]
[Annotator "Makarichev,S"]
[PlyCount "85"]
[EventDate "1996.09.15"]
[EventType "team-swiss"]
[EventRounds "14"]
[EventCountry "ARM"]
[SourceTitle "CBM 055"]
[Source "ChessBase"]
[SourceDate "1996.12.01"]
[SourceVersion "1"]
[SourceVersionDate "1996.12.01"]
[SourceQuality "1"]
[WhiteTeam "Slovakia"]
[BlackTeam "Ukraine"]
[WhiteTeamCountry "SVK"]
[BlackTeamCountry "UKR"]

1. d4 Nf6 2. c4 g6 3. Nc3 d5 4. cxd5 Nxd5 5. e4 Nxc3 6. bxc3 Bg7 7. Nf3 c5 8.
Bb5+ Nc6 9. O-O cxd4 10. cxd4 O-O 11. Be3 Bg4 12. Bxc6 bxc6 13. Rc1 Bxf3 14.
Qxf3 Bxd4 15. Rfd1 c5 $5 {N/} (15... e5 $14 16. Rxc6 Qe8 17. Rdc1 $14 {
Kalinichev,S-Holzke,F/Porz/1992/}) 16. Rxc5 Bxe3 $1 17. Rxd8 Bxc5 18. Rxa8 Rxa8
19. Qc3 Rd8 $1 (19... Bd6 $2 20. e5 Rb8 21. g3 Rb1+ 22. Kg2 Bb8 23. Qd3 Rb2 24.
Qd4 Rb5 25. a4 Rb7 26. Qd5 Rb6 27. a5 Rb2 28. Qd8+ Kg7 29. Qxe7 $18) (19... Bb6
20. h4 $14) 20. Kf1 Bd4 $6 (20... Bb6 $5 $14) 21. Qc7 (21. Qc4 $6 e5 $10) 21...
Bb6 22. Qxe7 Rd2 23. Qe8+ Kg7 24. Qe5+ Kg8 25. f4 $1 (25. Qe8+ $10) 25... Rf2+
26. Ke1 Rxg2 27. f5 Rc2 (27... Rxa2 $4 28. f6 $18) 28. Qe8+ (28. f6 Rc8 {
- 30...Rc8}) 28... Kg7 29. Qe5+ Kg8 30. f6 Rc8 31. Qe7 Bc5 32. Qd7 Rb8 33. Qc7
$1 Bb4+ 34. Kf2 (34. Ke2 $5 $16 Re8 35. Kf3 a5 36. e5) 34... Rb5 $138 (34...
Rb6 $5) 35. a4 (35. Qxa7 $4 Bc5+ $19) 35... Rb6 36. e5 Bf8 37. a5 $138 (37.
Qxa7 $4 Bc5+ $19) (37. Qd8 Re6 $1 $132) (37. Kf3 $5 Re6 38. Ke4 $16) 37... Re6
38. Qxa7 Rxe5 39. Kg2 (39. Qa8 Rf5+ 40. Kg2 Rxf6 41. a6 Kg7 42. Qc8 $1 {
xc5,a6,f8/} Bc5 $1 43. Qxc5 Rxa6 44. Qc3+ $1 Kh6 (44... Rf6 $4 45. h4 h6 46.
Kh3 g5 47. h5 $1 $18) (44... Kg8 $4 45. Qc8+ $18) (44... f6 $6 45. Qc7+ Kh6 46.
h4 g5 $16) 45. Qh8 (45. h4 Re6 46. Qh8 f5 47. Qf8+ Kh5 48. Qg7 h6 49. Kf3 Re4
$14) 45... f5 $132) 39... Re2+ 40. Kh1 (40. Kf3 Re6 41. a6 Rxf6+ 42. Kg2 h5 43.
Qa8 (43. Qb7 Bc5 44. Qc8+ Kh7 $1 45. Qxc5 Rxa6 $10) 43... Kg7 44. a7 Bc5 $10)
40... Re1+ 41. Kg2 Re2+ 42. Kh1 Re1+ 43. Kg2 1/2-1/2

[Event "Olympiad-32"]
[Site "Yerevan"]
[Date "1996.09.20"]
[Round "5.1"]
[White "Ivanchuk, Vassily"]
[Black "Galego, Luis"]
[Result "1-0"]
[WhiteElo "2730"]
[BlackElo "2435"]
[Annotator "Kharitonov,A"]
[PlyCount "77"]
[EventDate "1996.09.15"]
[EventType "team-swiss"]
[EventRounds "14"]
[EventCountry "ARM"]
[SourceTitle "CBM 055"]
[Source "ChessBase"]
[SourceDate "1996.12.01"]
[SourceVersion "1"]
[SourceVersionDate "1996.12.01"]
[SourceQuality "1"]
[WhiteTeam "Ukraine"]
[BlackTeam "Portugal"]
[WhiteTeamCountry "UKR"]
[BlackTeamCountry "POR"]

1. d4 d6 2. Nf3 Bg4 3. c4 c6 (3... Nf6 4. Nc3 Nbd7 5. e4 e5 6. Be2 Be7 7. Be3
O-O 8. O-O Bh5 $6 9. Nd2 exd4 10. Bxd4 Bxe2 11. Qxe2 Re8 12. f4 $14 {Petrosian,
T-Larsen,B/Kopenhagen/1960/1:0/33/}) 4. Nc3 Nf6 5. e4 Nbd7 6. Be2 e5 7. Be3 (7.
O-O Be7 8. Rb1 $5 O-O 9. Re1 Re8 10. Be3 Bh5 $6 11. Nd2 Bg6 $6 (11... Bxe2 12.
Qxe2 $14) 12. d5 a6 13. b4 h5 14. a4 h4 15. h3 $16 {Speelman,J-Larsen,B/Lone
Pine/1978/1:0/36/}) 7... Be7 8. O-O O-O 9. Rc1 (9. d5 $5) (9. Nd2 $5 Bxe2 10.
Qxe2 Re8 (10... exd4 $5) 11. Kh1 Bf8 $6 (11... exd4) 12. d5 c5 13. a3 Be7 14.
b4 b6 15. Rfb1 Qc8 16. Qd1 Nf8 17. h3 Qd7 18. Rb2 Ng6 19. bxc5 bxc5 20. Rab1
$16 {Uhlmann,W-Bronstein,D/Sombathely/1966/1:0/40/}) 9... Re8 10. d5 Bf8 $6 {N/
} (10... c5 11. a3 Rc8 12. Nd2 Bxe2 13. Qxe2 Rf8 14. b4 Ne8 15. Na4 Bg5 16.
Bxg5 Qxg5 17. Rb1 Qe7 18. Nb3 $1 $14 {Kharitonov,A-Savon,V/RUS-tch/1992/1:0/50/
}) 11. b4 $1 a5 $2 (11... cxd5 12. cxd5 Rc8 13. Nd2 Bxe2 14. Qxe2 $14) 12. dxc6
bxc6 13. b5 $16 cxb5 (13... c5 14. Nd2 Bxe2 15. Qxe2 $16) (13... Rc8 14. Nd2
Bxe2 (14... Be6 15. bxc6 Rxc6 16. Nd5 $16) 15. Qxe2 $16) 14. cxb5 a4 15. Nd2
Bxe2 (15... Be6 16. Nc4 $16) 16. Qxe2 Qb8 17. Nc4 Rc8 18. Rfd1 {><d6,><d5/} Nc5
19. f3 a3 20. b6 $1 {/\21.Nb5(><d6,a3)/} Rc6 (20... Nfd7 21. Nd5) 21. Nb5 Nfd7
22. Na7 $1 $18 Rxb6 23. Nxb6 Qxb6 24. Nb5 Ra5 25. Rb1 Qc6 26. Nc3 Na4 27. Nd5 (
27. Nxa4 Qxa4 28. Rdc1 $18) 27... Nb2 28. Rdc1 Nc5 29. Bd2 Ra7 30. Bb4 Qa8 31.
Rc3 f5 32. Nb6 Qd8 33. Bxa3 Qxb6 34. Rxb2 Nb3+ 35. Kh1 Rxa3 36. Qc4+ $5 (36.
Rbxb3 Rxb3 37. Rxb3 $18) 36... Kh8 37. Qc8 Kg8 38. Qe6+ Kh8 39. Rc8 $1 1-0

[Event "Olympiad-32"]
[Site "Yerevan"]
[Date "1996.09.25"]
[Round "9.1"]
[White "Ivanchuk, Vassily"]
[Black "Ehlvest, Jaan"]
[Result "1-0"]
[WhiteElo "2730"]
[BlackElo "2660"]
[Annotator "Ftacnik,L"]
[PlyCount "80"]
[EventDate "1996.09.15"]
[EventType "team-swiss"]
[EventRounds "14"]
[EventCountry "ARM"]
[SourceTitle "CBM 055"]
[Source "ChessBase"]
[SourceDate "1996.12.01"]
[SourceVersion "1"]
[SourceVersionDate "1996.12.01"]
[SourceQuality "1"]
[WhiteTeam "Ukraine"]
[BlackTeam "Estonia"]
[WhiteTeamCountry "UKR"]
[BlackTeamCountry "EST"]

1. d4 Nf6 2. c4 e6 3. Nf3 d5 4. Nc3 Be7 5. Bg5 O-O 6. e3 Nbd7 7. Rc1 c6 8. Bd3
dxc4 9. Bxc4 Nd5 10. Bxe7 Qxe7 11. Ne4 N5f6 12. Ng3 Rd8 (12... b6 $6 13. O-O c5
(13... Bb7 14. e4 Rfd8 15. e5 Ne8 16. Qe2 c5 17. Rfd1 Bxf3 18. Qxf3 cxd4 19.
Qf4 Nf8 20. Rxd4 Ng6 21. Qe4 Rxd4 22. Qxd4 Qg5 23. Re1 Rd8 {1/2-1/2 Cording,
H-Budde,V/BL 8182/1982 (43)}) 14. e4 $1 Rd8 (14... cxd4 15. e5 $16) (14... Bb7
15. d5 exd5 16. exd5) 15. e5 Ng4 (15... Ne8 16. d5 $1 $16) 16. h3 Nh6 17. d5
exd5 18. Qxd5 Rb8 19. e6 Bb7 $8 20. Nf5 (20. exf7+ Nxf7 21. Nf5 Qf6 $10) 20...
Qxe6 21. Qxe6 fxe6 22. Bxe6+ Kf8 23. Nxh6 gxh6 24. Rfe1 {1-0 Yermolinsky,
A-Orlov,G/USA (ch) 65/442 1995 (50)}) 13. O-O c5 14. e4 cxd4 15. e5 Ne8 16. Re1
Nf8 17. Nxd4 Ng6 18. Qd2 b6 19. f4 Qh4 20. Nge2 Bb7 21. Qe3 Rac8 22. Bd3 Nc7
23. Be4 Nd5 24. Qf3 Qe7 25. a3 Qe8 26. Rxc8 Rxc8 27. f5 Nxe5 28. Qg3 Nd7 29.
fxe6 fxe6 30. Nc3 N7f6 31. Bf5 Nh5 (31... Nc7 32. Nxe6 Nxe6 33. Bxe6+ Kh8 34.
Bxc8 $18) 32. Qf3 $1 (32. Bxe6+ $2 Qxe6) 32... Kh8 (32... Nhf4 33. Nxd5 Nxd5
34. Bxe6+ Kh8 35. Qf2 (35. Qe4 $5 Rd8 36. Bxd5 Qxe4 37. Bxe4 Re8 38. Ne6 $1
Rxe6 39. Rf1 $18)) 33. Bxe6 Nhf4 (33... Rd8 34. Nxd5 Bxd5 35. Qf2 Bxe6 36. Nxe6
Rb8 37. Nxg7 $18) (33... Rc5 34. Nb3 Nxc3 35. Qxb7 Rb5 36. bxc3 Rxb3 37. Qf7
$18) 34. Nxd5 Nxd5 (34... Bxd5 35. Qxf4 $18) 35. Qf2 Nf6 (35... Rd8 36. Bxd5
$18) 36. Bxc8 Qxc8 37. h3 h6 38. Ne6 Qd7 (38... Bc6 39. Nxg7 Kxg7 40. Re7+ Kg6
41. Qg3+ $18) 39. Qd4 Nd5 40. Nxg7 Qxg7 (40... Qxg7 41. Re8+ Kh7 42. Qe4+ Qg6
43. Rh8+ $18) 1-0

[Event "Olympiad-32"]
[Site "Yerevan"]
[Date "1996.09.30"]
[Round "13.1"]
[White "Ivanchuk, Vassily"]
[Black "Topalov, Veselin"]
[Result "1-0"]
[WhiteElo "2730"]
[BlackElo "2750"]
[Annotator "Chekhov,V"]
[PlyCount "81"]
[EventDate "1996.09.15"]
[EventType "team-swiss"]
[EventRounds "14"]
[EventCountry "ARM"]
[SourceTitle "CBM 055"]
[Source "ChessBase"]
[SourceDate "1996.12.01"]
[SourceVersion "1"]
[SourceVersionDate "1996.12.01"]
[SourceQuality "1"]
[WhiteTeam "Ukraine"]
[BlackTeam "Bulgaria"]
[WhiteTeamCountry "UKR"]
[BlackTeamCountry "BUL"]

1. c4 g6 2. d4 Bg7 3. e4 d6 4. Nc3 Nf6 5. Be2 O-O 6. Bg5 c6 7. Qd2 e5 8. d5 Na6
9. h4 cxd5 10. cxd5 Qe8 11. f3 Bd7 12. Nh3 $1 (12. g4 $6 h5 13. Bxf6 (13. O-O-O
hxg4 14. h5 Nxh5 15. fxg4 Nf4 16. Bxa6 bxa6 17. Qh2 f6 18. Bxf4 exf4 19. Qh7+
Kf7 20. Rh6 Rh8 21. Qxg6+ Kg8 22. Rxh8+ Kxh8 23. Qxe8+ Rxe8 $17 {Gyurkovics,
M-Kuzmin,A/Budapest/1989/0|1/32/}) 13... Bxf6 14. gxh5 Kg7 15. O-O-O Rh8 16.
hxg6 fxg6 17. h5 b5 18. h6+ Kh7 $146 {Gaprindashvili,N-Makropoulou,M/MAS/1990/
0|1/26/}) 12... Nc5 13. g4 h5 14. Nf2 hxg4 15. fxg4 Rc8 (15... a5 $22 16. h5 b5
) 16. Be3 Nh7 17. Nd3 (17. h5 $5) 17... Nxd3+ 18. Qxd3 a6 19. a4 Qd8 (19... b5
20. axb5 axb5 21. Nxb5 (21. Ra6 $5) 21... Bxb5 22. Qxb5 Qxb5 23. Bxb5 Rb8 24.
Ra5 Nf6 $132) (19... f5 $5) 20. a5 Bf6 21. Bf2 Be7 22. Kd2 Nf6 23. Rhg1 Ne8 24.
Bb6 Nc7 25. g5 $36 Qe8 26. Qe3 (26. Qf3 $5 f6 (26... Nb5 27. Bxb5 Bxb5 28. h5
Kg7 29. Be3 Rh8 30. Rh1 $36) 27. gxf6 Rxf6 28. Qg3 Kh7 29. Be3 $36) 26... Nb5
27. Bxb5 Bxb5 28. h5 Kg7 (28... gxh5 29. Rh1 (29. g6 fxg6 30. Qh6 Rf6 31. Rg5
Qf7 32. Rag1 Be8 33. Rxh5 Qg7 $17) 29... Kg7 30. Rxh5 Rh8 31. Rah1 Rxh5 32.
Rxh5 Qd7 $132) 29. Qf3 Bc4 $6 (29... gxh5 $5 30. Rg2 (30. Qxh5 Rh8 31. Qf3 Rh2+
32. Rg2 Qh8 $132) 30... Rh8 31. Rh1 h4 32. Be3 Bd7 $17) 30. Rg2 Rh8 31. Rh1 Bb5
(31... Qd7 32. h6+ Kg8 33. h7+ Kg7 34. Qf2 $22 Bb5 35. Qh4) 32. Be3 Bd7 33.
Rgh2 Qd8 (33... Rxh5 34. Rxh5 gxh5 35. Rxh5 $36 (35. Qxh5 Qh8 36. Qf3 Qg8 37.
Rh6 $36)) 34. Kd3 $1 (34. hxg6 Rxh2+ 35. Rxh2 fxg6 $13) 34... Qc7 (34... Bxg5
35. hxg6 Rxh2 36. Qxf7+ $18) (34... Qxa5 35. hxg6 Bb5+ 36. Kd2 fxg6 (36...
Rxh2+ 37. Rxh2 fxg6 38. Qh3 Rg8 39. Qh7+ Kf8 40. Rf2+ $18) 37. Rxh8 Rxh8 38.
Rxh8 Kxh8 39. Qf7 Qd8 40. Nxb5 axb5 41. Qxg6 $16) 35. hxg6 Qc4+ 36. Kc2 fxg6
37. Rxh8 Rxh8 38. Rxh8 Kxh8 39. Qf7 $18 Ba4+ 40. Kd2 Qb4 41. Ke1 (41. Ke1 Qxb2
42. Nxa4 Qa1+ 43. Kf2 Qxa4 44. Qxe7 Qxe4 45. Qxd6 $18) 1-0